000 01003cam a22002054a 4500
005 20260107132820.0
008 250528s ||||||||||||||||||||||||d
035 _a19859
020 _a465028799
040 _aGR-AtMCL
_bgre
_dGR-AtMCL
_eAACR2
245 1 _aHandbook of Psychotherapy Integration
260 _bBasic Books, Inc.,
_c1992
300 _a638
520 _aThis impressive book provides a rich source of clinical insights into the integration movement and documents the growing sophistication of psychotherapy research. Preface, Conceptual and Historical Perspectives, Integrative Psychotherapy Models, Common Factors, Technical Eclecticism, Theoretical Integration, Assimilative Integration, Integrative Psychotherapies for Specific Disorders, Integrative Treatment Modalities, Training and Research and Future Directions, Name and Subject Index.
700 1 _aGoldfried Marvin R
_93839
700 1 _aNorcross, John C.
_93840
942 _cBK
999 _c5105
_d5105